000 00427nam a2200193Ia 4500
003 OSt
005 20251125123911.0
008 250729s1995 xx 000 0 und d
020 _a9780143422334
040 _cAL
041 _aeng
082 _a823 RAOS
100 _aRao Raja
_9224805
245 _aSerpent & the rope
260 _aNew Delhi
_c1995
300 _a406p
650 _aFiction
_9224806
942 _2ddc
_cBED
999 _c236597
_d236597